000 00321nam a2200133Ia 4500
008 190216s9999||||xx |||||||||||||| ||und||
100 _aTewari. Kk
245 0 _aElectricity And Magentism With Electronics
250 _a5th Ed.
260 _bSulthan Chand &co
_c1993
300 _a933
650 _aPhysics
942 _cBK
999 _c33254
_d33254